1162 1234 1968 1989 1181 1620 1330 1521 1816 1786 1166 1207 1954 1235 1737 1727 1173 1003 1522 1229 1116 1829 1233 1953 1329 1647 1088 1026 1150 1252 1245 1786 1940 1560 1783 1164 1640 1347 1342 1922 1037 1167 1423 1168 1456 1461 1399 1119 1036 1800 1470 1719 1956 1982 1365 1969 1472 1530 1329 1469 1118 1485 1175 1857 1284 1031 1619 1864 1816 1873 1749 1584 1977 1115 1813 1091 1513 1449 1181 1901 1961 1220 1683 1154 1930 1680 1869 1899 1378 1151 1597 1122 1819 1799 1877 1466 1631 1417 1770 BCNSPRNW ULIB Ver.6.0+V

เปลี่ยนเป็นภาษาไทย

Change to English
 แสดงรายละเอียดบรรณานุกรม
  กลับหน้าหลัก

Brief Record : Get Marc (ISO 2709) : E-mail record : QR code < ปิดหน้าต่าง
LEADER : 00000nam 2200000uu 4500
001    13399115265
003     ULIB
008    120809s2555||||th 000 0 tha d
020    ^a9789746522434
060  4 ^aWS100^bอ498พ
100 0  ^aอัจฉรา ตั้งสถาพรพงษ์,^eบรรณาธิการ
245 00 ^aพื้นฐานกุมารเวชศาสตร์ /^cบรรณาธิการ อัจฉรา ตั้งสถาพรพงษ์ ... [และคนอื่นๆ]
250    ^aพิมพ์ครั้งที่ 1
260    ^aกรุงเทพมหานคร :^bไอกรุ๊ป เพรส,^c2555
300    ^a406 หน้า :^bภาพประกอบ
505 0  ^a^tการซักประวัติผู้ป่วยเด็ก - -^tการตรวจร่างกายทั่วไปในเด็ก - -^tการซักประวัติและตรวจร่างกายเด็กที่สงสัยโรคหัวใจ - -^tการตรวจทางระบบหายใจ - -^tการตรวจทางระบบประสาท - -^tการตรวจร่างกายทารกแรกเกิด - -^tการบันทึกรายงานผู้ป่วยโดยใช้ปัญหาเป็นหลัก - -^tการดูแลเด็กที่คลินิกเด็กสุขภาพดี - -^tการประเมินการเจริญเติบโตและพัฒนาการ - -^tการประเมินภาวะโภชนาการ - -^tการประเมินการเข้าสู่วัยรุ่น - -^tหลักทั่วไปในการให้วัคซีน - -^tหัตถการพื้นฐานทางกุมารเวชศาสตร์ - -^tการให้ออกซิเจน - -^tการบริหารยาโดยวิธีสูด - -^tค่าปกติในการตรวจร่างกายและการตรวจทางห้องปฏิบัติการในเด็ก
650  7 ^aกุมารเวชศาสตร์
700 0  ^aพรรณพัชร พิริยะนนท์,^eบรรณาธิการ
700 0  ^aศริยา ประจักษ์ธรรม,^eบรรณาธิการ
700 0  ^aทิพวรรณ หรรษคุณาชัย,^eบรรณาธิการ
710 2  ^aมหาวิทยาลัยธรรมศาสตร์.^bคณะแพทยศาสตร์.^bภาควิชากุมารเวชศาสตร์
945    ^p350^l0^i19182
945    ^p350^l0^i19183
945    ^p350^l0^i19184
995    ^aทศพร
999 ^a ใช้งานได้ทุกระบบ
รายการนี้ยังไม่มีแท็ก
คุณยังไม่ได้ล็อกอิน คุณสามารถมีกิจกรรมร่วมกับเว็บไซต์ได้ แต่ต้องล็อกอินก่อน ::
  ล็อกอิน

รายการสื่อสารสนเทศ

ลำดับที่ ประเภท เลขเรียก/บาร์โค้ด สถานที่ สถานะ
1. วิทยาศาสตร์การแพทย์ และสุขภาพ
วิทยาศาสตร์การแพทย์ และสุขภาพ
WS100 อ498พ  
  Barcode: 19182
ห้องสมุดวิทยาเขตนครสวรรค์
►ส่วนจัดเก็บหนังสือเก่า นว.
บนชั้น
  ขอยืม
2. วิทยาศาสตร์การแพทย์ และสุขภาพ
วิทยาศาสตร์การแพทย์ และสุขภาพ
WS100 อ498พ ฉ.2 
  Barcode: 19183
ห้องสมุดวิทยาเขตนครสวรรค์
►ส่วนจัดเก็บหนังสือเก่า นว.
บนชั้น
  ขอยืม
3. วิทยาศาสตร์การแพทย์ และสุขภาพ
วิทยาศาสตร์การแพทย์ และสุขภาพ
WS100 อ498พ ฉ.3 
  Barcode: 19184
ห้องสมุดวิทยาเขตนครสวรรค์
►ส่วนจัดเก็บหนังสือเก่า นว.
ถูกยืม กำหนดส่งวันที่ 17 ธันวาคม 2568
  จอง

รายการใกล้เคียง
    หัวเรื่อง [กุมารเวชศาสตร์]

BibComment


ยังไม่เคยถูกคอมเมนท์

คอมเมนท์ทรัพยากรรายการนี้
  คอมเมนท์: พื้นฐานกุมารเวชศ..


 Copyright 2026. Bcnsprnw @Library